Podmienky optimálnosti Karusha-Kuhna-Tuckera a bimaticové hry

Bimaticové hry a ich riešenie. Podmienky optimálnosti Karusha-Kuhna-Tuckera. Podmienky optimálnosti Karusha-Kuhna-Tuckera pre bimaticové hry.

Saved in:
Bibliographic Details
Main Author: Čičková, Zuzana, 1978-
Other Authors: Zagiba, Matej
Format: Book Chapter
Language:Slovak
Subjects:
Tags: Add Tag
No Tags, Be the first to tag this record!

MARC

LEADER 00000nla a2200000 4500
001 0241967
005 20240502073934.9
041 0 |a slo 
044 |a SK 
245 1 0 |a Podmienky optimálnosti Karusha-Kuhna-Tuckera a bimaticové hry  |c Zuzana Čičková, Matej Zagiba 
520 |a Bimaticové hry a ich riešenie. Podmienky optimálnosti Karusha-Kuhna-Tuckera. Podmienky optimálnosti Karusha-Kuhna-Tuckera pre bimaticové hry. 
610 2 0 |a teória hier 
610 2 0 |a hry 
610 2 0 |a programovanie nelineárne 
610 2 0 |a modely matematické 
100 1 |a Čičková, Zuzana, 1978- 
700 1 |a Zagiba, Matej